Maurice Nédoncelle: Intersubjektívna kauzalita ; Prekl. Slavomír Gálik

Bibliographic Details
Other Authors: Gálik, Slavomír (Translator)
Format: Article
Language:Slovak
ISSN:0046-385X
Subjects:

MARC

LEADER 00000nab a2200000 a 4500
001 vtls000629702
003 SK-MaSNL
005 20260304095200.0
008 250425c1997 xo 0 slo
015 |a SNBRB19rr/mm-uuuuu 
035 |a CL0629841 
035 |a urn:nbn:sk:snk-abgr1 
035 |a (urnnbn)urn:nbn:sk:snk:ar-a03z1f 
035 |a (uuid)924cf242-acea-4f1c-bfe2-4cf662ce3ae3 
040 |a SNKBUCL  |b slo  |c SNKBUCL  |e AACR2 
041 0 |a slo 
044 |a xo  |c SK 
080 |a 122  |2 1981 
080 |a 16  |2 1981 
245 0 0 |a Maurice Nédoncelle: Intersubjektívna kauzalita ; Prekl. Slavomír Gálik 
650 0 7 |a kauzalita intersubjektívna  |2 snkbucl  |9 1392176 
655 7 |a články z novín a časopisov  |2 snkbucl  |9 267496 
700 1 |a Gálik, Slavomír  |4 trl  |9 11611 
773 0 |t Filozofia  |g Roč. 52, č. 4 (1997), s. 260-267  |x 0046-385X 
850 |a Slovenská národná knižnica 
852 |a Slovenská národná knižnica 
954 |a odborná, vedecká literatúra pôvodná (slovenská)  |2 lita 
958 |a article27 
958 |a OND 
958 |a RK 
958 |a EUIPO 
992 |a RBX 
999 |c 2831221  |d 2833151